000 00220 a2200097 4500
001 10817
100 _aOliver, J.
245 _aTales of Modern Enterprise
260 _a
_bColins Clear type press
_c
090 _c8402
_d8402
942 _aNUST-CAE
_cM
_c35159
999 _c245890
_d245890